-
FRENCH, WENDELL L. AND BELL JR., CECIL, H
Entry Personal Name
Number of records used in: 1
001 - CONTROL NUMBER
003 - CONTROL NUMBER IDENTIFIER
005 - DATE AND TIME OF LATEST TRANSACTION
- control field:
20180724162143.0
008 - FIXED-LENGTH DATA ELEMENTS
- fixed length control field:
180724|| aca||aabn | a|a d
040 ## - CATALOGING SOURCE
- Original cataloging agency:
OSt
- Transcribing agency:
OSt
100 ## - HEADING--PERSONAL NAME
- Personal name:
FRENCH, WENDELL L. AND BELL JR., CECIL, H
670 ## - SOURCE DATA FOUND
- Source citation:
Work cat.: (OSt)3985: FRENCH, WENDELL L. AND BELL JR., CECIL, H, ORGANIZATION DEVELOPMENT:behavioral science interventions for organization improvement, 2004